=LDR 00000nam 2200000 4500 =001 INLIS000000000036336 =990 ##$$a 0001/BPAP-NTB/20142014 =005 20130612142130 =990 ##$$a 0001/BPAP-NTB/2016 =008 ***********************************Ind** =990 ##$$a 01201713011 =035 ##$$0010-061300000036336 =041 ##$$a Ind =082 ##$$a 813.01 =090 ##$$a 813.01, Arm k =100 ##$$a Armand, Avianti =245 ##$$a Kereta tidur, kumpulan cerita, Avianti Armand =260 ##$$a 2011 $b Jakarta6bGramedia =300 ##$$a 129 hlm, 20 cm =650 ##$$a Cerita pendek-Kumpulan =850 ##$$a NBPNMAT =990 ##$$a 0001/BPAP-NTB/20142014 =990 ##$$a 0001/BPAP-NTB/2016 =990 ##$$a 1301113011 =990 ##$$a 0001/BPAP-NTB/20142014 =990 ##$$a 0001/BPAP-NTB/2016 =990 ##$$a 01201713011 =990 ##$$a 21100873 =990 ##$$a 0001/BPAP-NTB/2016 =990 ##$$a 01201713011 =990 ##$$a 21100873 =990 ##$$a 0001/BPAP-NTB/2016 =990 ##$$a 01201713011